00948nam a22002537a 4500001000500000005001700005020001800022040002900040050001400069082000800083100002400091245017400115260003900289300003600328505000800364520018400372521002600556521001700582650001400599650001400613650000800627700002700635700003200662208920250815163702.0 a9781442402287 aFISKHbengcFISKHdFISKH aPZ7.P2997 2156 aContreras, Rosemary aBats to the rescue! /cadapted by Veronica Paz Based on the screenplay "Freddie the Fruit Bat Saves Halloween" written by Rosemary Contreras illustrated by Art Mawhinney aNew York :bSimon Spotlight,c2010 a25 unnumbered pages :c21x21 cm a O  aIt's Halloween and Diego and Alicia are throwing a party. Everyone's there, including Freddie the Fruit Bat. But where is Linda, the llama who's bringing the treats for the party? a460 bLexile estimate aO bRaz-Plus aHalloween aAdventure aBat aPaz, Veronicaeadaptor aMawhinney, Arteillustrator